00460nmm a2200157Ia 4500008004100000020001800041041000800059100002700067245002100094264006500115300001800180650002900198856005100227942000700278999001700285251105s9999||||xx |||||||||||||||||und|| a9781558852099 aeng aDumas Lachtman, Ofelia 0aLeticia's Secret a[Washington, Estados Unidos] :bArte Público Press, c2017 a128 páginas aNorth American narrative uhttps://public.digitaliapublishing.com/a/46207 cCF c74668d74668